[Event "Kiev Independence Cup-A 9th"]
[Site "Kiev"]
[Date "2009.08.16"]
[Round "4"]
[White "Stanetskyy, Taras"]
[Black "Artemchuk, Taras"]
[Result "0-1"]
[WhiteElo "2048"]
[BlackElo "2234"]
[PlyCount "94"]
[EventDate "2009.08.13"]
[EventType "swiss"]
[EventRounds "11"]
[EventCountry "UKR"]
[SourceTitle "CBM 131 Extra"]
[Source "ChessBase"]
[SourceDate "2009.09.03"]
[SourceVersion "2"]
[SourceVersionDate "2009.09.16"]
[SourceQuality "1"]

1. e4 e6 2. d4 d5 3. Nc3 Nf6 4. e5 Nfd7 5. f4 c5 6. Nf3 a6 7. Be3 Nc6 8. Qd2 b5 9. 0-0-0 b4 10. Ne2 c4 11. c3 a5 12. Ng3 a4 13. Bxc4 bxc3 14. Qxc3 dxc4 15. Qxc4 Nb4 16. Kb1 Ba6 17. Qc3 Rc8 18. Qa3 Bc4 19. Ne4 Bxa2+ 20. Qxa2 Nxa2 21. Kxa2 Qb6 22. Rd3 Rc2 23. Rb1 Qb5 24. Rc3 Qd5+ 25. Ka1 Qxe4 26. Ng5 Qxg2 27. Rc1 Rxc1+ 28. Rxc1 Qa8 29. d5 exd5 30. e6 fxe6 31. Nxe6 Bd6 32. Nxg7+ Kf7 33. Nf5 Bb8 34. Bd4 Bxf4 35. Re1 Re8 36. Rf1 Re4 37. Nd6+ Ke6 38. Nxe4 dxe4 39. Rxf4 Qd5 40. Bc3 Qd3 41. Rh4 e3 42. Rh6+ Kd5 43. Rh5+ Kc6 44. Rh6+ Kb5 45. Rh5+ Nc5 46. Ka2 Qc4+ 47. Ka1 Qf1+ 0-1

[Event "UKR-ch sf"]
[Site "Alushta"]
[Date "2008.05.18"]
[Round "8"]
[White "Marchenko, Artem"]
[Black "Artemchuk, Taras"]
[Result "0-1"]
[WhiteElo "2152"]
[BlackElo "2226"]
[PlyCount "74"]
[EventDate "2008.05.10"]
[EventType "swiss"]
[EventRounds "9"]
[EventCountry "UKR"]
[SourceTitle "CBM 124 Extra"]
[Source "ChessBase"]
[SourceDate "2008.07.03"]
[SourceVersion "1"]
[SourceVersionDate "2008.07.03"]
[SourceQuality "1"]

1. e4 e6 2. d4 d5 3. Nd2 Nc6 4. Ngf3 Nf6 5. e5 Nd7 6. Nb3 Be7 7. Bb5 Ncb8 8. 0-0 a5 9. a4 b6 10. c4 c6 11. cxd5 exd5 12. Bd3 0-0 13. Re1 Re8 14. Be3 Nf8 15. h3 Na6 16. Rc1 Nb4 17. Bb1 Ba6 18. g3 Rc8 19. Nh2 Bc4 20. f4 c5 21. f5 Bg5 22. Nf3 Bxe3+ 23. Rxe3 Bxb3 24. Qxb3 cxd4 25. Ree1 Rxc1 26. Rxc1 Nd7 27. e6 fxe6 28. Nxd4 Nc5 29. Qf3 Qf6 30. Qe3 e5 31. Re1 Nc6 32. Nxc6 Qxc6 33. Ba2 Kh8 34. g4 d4 35. Qg3 e4 36. g5 Nd3 37. Re2 Nc1 0-1

[Event "UKR-ch sf U20"]
[Site "Lvov"]
[Date "2007.12.05"]
[Round "4"]
[White "Artemchuk, Taras"]
[Black "Demidiukov, Evgeniy"]
[Result "1-0"]
[WhiteElo "2187"]
[BlackElo "2126"]
[PlyCount "107"]
[EventDate "2007.12.02"]
[EventType "swiss"]
[EventRounds "9"]
[EventCountry "UKR"]
[SourceTitle "CBM 121 Extra"]
[Source "ChessBase"]
[SourceDate "2008.01.10"]
[SourceVersion "1"]
[SourceVersionDate "2008.01.10"]
[SourceQuality "1"]

1. d4 Nf6 2. c4 e6 3. Nf3 Bb4+ 4. Bd2 Qe7 5. g3 Nc6 6. Bg2 Bxd2+ 7. Nbxd2 d6 8. Nf1 0-0 9. Ne3 e5 10. 0-0 Re8 11. d5 Nb8 12. b4 a5 13. a3 Na6 14. Rb1 Ng4 15. Qd2 Nxe3 16. Qxe3 Bg4 17. Rfc1 Bxf3 18. exf3 axb4 19. axb4 c5 20. dxc6 bxc6 21. Bf1 c5 22. b5 Nb4 23. Rb2 f5 24. Rd1 Red8 25. f4 e4 26. f3 Qf6 27. Rbd2 exf3 28. Qxf3 Ra7 29. Bg2 Re7 30. h3 g6 31. Re2 Kf7 32. Rxe7+ Qxe7 33. Qc3 Qf6 34. Qa3 d5 35. cxd5 Qb6 36. Ra1 Qxb5 37. Qa7+ Rd7 38. Qa8 c4 39. Qc8 Nxd5 40. Ra8 Nf6 41. Rb8 Qa5 42. Qxc4+ Kg7 43. Qc8 Qe1+ 44. Kh2 Qe7 45. Qc3 Rc7 46. Qb2 Rd7 47. Bc6 Rc7 48. Rb6 Kh6 49. Bf3 Kg7 50. g4 fxg4 51. hxg4 Kf7 52. g5 Nd7 53. Bd5+ Ke8 54. Re6 1-0

[Event "Kiev Independence Cup-A 7th"]
[Site "Kiev"]
[Date "2007.08.19"]
[Round "7"]
[White "Katsman, Mikhail"]
[Black "Artemchuk, Taras"]
[Result "1/2-1/2"]
[WhiteElo "2278"]
[BlackElo "2187"]
[PlyCount "42"]
[EventDate "2007.08.13"]
[EventType "swiss"]
[EventRounds "11"]
[EventCountry "UKR"]
[SourceTitle "CBM 119 Extra"]
[Source "ChessBase"]
[SourceDate "2007.09.04"]
[SourceVersion "1"]
[SourceVersionDate "2007.09.04"]
[SourceQuality "1"]

1. e4 e6 2. d4 d5 3. exd5 exd5 4. Bf4 Nf6 5. Nf3 Bd6 6. Bxd6 Qxd6 7. c3 0-0 8. Be2 Nc6 9. 0-0 Bf5 10. Nbd2 Rfe8 11. Re1 Ne4 12. Nf1 Rad8 13. Ng3 Bg6 14. Qb3 f6 15. Bb5 a6 16. Bxc6 Qxc6 17. Nxe4 Bxe4 18. Nd2 Bd3 19. Nf1 Bxf1 20. Kxf1 Kf7 21. g3 g6 1/2-1/2

[Event "Kiev Independence Cup-A 7th"]
[Site "Kiev"]
[Date "2007.08.18"]
[Round "6"]
[White "Artemchuk, Taras"]
[Black "Golichenko, Ilja"]
[Result "1/2-1/2"]
[WhiteElo "2187"]
[BlackElo "2306"]
[PlyCount "70"]
[EventDate "2007.08.13"]
[EventType "swiss"]
[EventRounds "11"]
[EventCountry "UKR"]
[SourceTitle "CBM 119 Extra"]
[Source "ChessBase"]
[SourceDate "2007.09.04"]
[SourceVersion "1"]
[SourceVersionDate "2007.09.04"]
[SourceQuality "1"]

1. d4 Nf6 2. c4 e6 3. Nf3 b6 4. g3 Bb7 5. Bg2 Be7 6. Nc3 Ne4 7. Bd2 0-0 8. d5 Nxc3 9. Bxc3 d6 10. 0-0 e5 11. e4 a5 12. b3 Nd7 13. a3 g6 14. Ne1 Bf6 15. b4 Ba6 16. b5 Bc8 17. Nd3 Qe7 18. Qe2 g5 19. Rae1 Re8 20. Qh5 Nf8 21. f3 Ng6 22. Nf2 Bg7 23. Bh3 Bxh3 24. Nxh3 h6 25. Nf2 Rf8 26. Ng4 Kh7 27. Ne3 Qd7 28. f4 f6 29. fxg5 fxg5 30. Bd2 Ne7 31. Rxf8 Rxf8 32. Rf1 Qe8 33. Qxe8 Rxe8 34. a4 Kg6 35. Kg2 Rf8 1/2-1/2

[Event "Kiev Independence Cup-A 7th"]
[Site "Kiev"]
[Date "2007.08.17"]
[Round "5"]
[White "Artemchuk, Taras"]
[Black "Dorokhin, Mykhailo"]
[Result "1-0"]
[WhiteElo "2187"]
[BlackElo "2250"]
[PlyCount "97"]
[EventDate "2007.08.13"]
[EventType "swiss"]
[EventRounds "11"]
[EventCountry "UKR"]
[SourceTitle "CBM 119 Extra"]
[Source "ChessBase"]
[SourceDate "2007.09.04"]
[SourceVersion "1"]
[SourceVersionDate "2007.09.04"]
[SourceQuality "1"]

1. d4 c5 2. d5 e5 3. e4 d6 4. Nc3 g6 5. Nf3 Bg7 6. Nd2 Na6 7. Bb5+ Bd7 8. Nc4 Qe7 9. a4 Nc7 10. Bxd7+ Qxd7 11. f4 f6 12. 0-0 Nh6 13. f5 Nf7 14. Ne2 Ke7 15. Ng3 Bh6 16. Qf3 Ne8 17. Be3 Bxe3+ 18. Nxe3 g5 19. Nh5 Rg8 20. Ng4 Nd8 21. a5 Qb5 22. b3 c4 23. Kh1 Rc8 24. Rfc1 cxb3 25. cxb3 Qxa5 26. Qe3 Rxc1+ 27. Rxc1 Rf8 28. h3 b6 29. Kh2 Kd7 30. Rc4 Qb5 31. Qc3 Ke7 32. Ng7 Nxg7 33. Rc7+ Qd7 34. Ne3 Ne8 35. Rxd7+ Kxd7 36. Qa1 a5 37. Qa4+ Ke7 38. Nc4 Nb7 39. Nxb6 Nc5 40. Qxa5 Rf7 41. Nc8+ Kd7 42. Qb5+ Kd8 43. Nxd6 Nxd6 44. Qxc5 Rd7 45. b4 Nxe4 46. Qf8+ Kc7 47. b5 Rxd5 48. Qf7+ Rd7 49. Qc4+ 1-0

[Event "Kiev Independence Cup-A 7th"]
[Site "Kiev"]
[Date "2007.08.15"]
[Round "3"]
[White "Artemchuk, Taras"]
[Black "Shevtsov, Nikoliy"]
[Result "1-0"]
[WhiteElo "2187"]
[BlackElo "2400"]
[PlyCount "53"]
[EventDate "2007.08.13"]
[EventType "swiss"]
[EventRounds "11"]
[EventCountry "UKR"]
[SourceTitle "CBM 119 Extra"]
[Source "ChessBase"]
[SourceDate "2007.09.04"]
[SourceVersion "1"]
[SourceVersionDate "2007.09.04"]
[SourceQuality "1"]

1. d4 Nf6 2. Nf3 c5 3. d5 d6 4. Nc3 g6 5. e4 Nbd7 6. Be2 Bg7 7. 0-0 0-0 8. a4 a6 9. Nd2 Ne8 10. Nc4 Ne5 11. Na3 e6 12. Bf4 Nc7 13. Qd2 f5 14. exf5 Rxf5 15. Bg3 exd5 16. Nxd5 Be6 17. Ne3 Rf7 18. Nac4 Nxc4 19. Nxc4 Ne8 20. Rad1 d5 21. Bf3 Rxf3 22. gxf3 Qf6 23. Ne5 Qf5 24. Rfe1 c4 25. Qe3 Nf6 26. Nxc4 Bf7 27. Nd6 1-0

[Event "UKR-ch U18"]
[Site "Donetsk"]
[Date "2007.02.18"]
[Round "3"]
[White "Artemchuk, Taras"]
[Black "Razin, Vadim"]
[Result "1/2-1/2"]
[WhiteElo "2214"]
[BlackElo "2239"]
[PlyCount "115"]
[EventDate "2007.02.15"]
[EventType "tourn"]
[EventRounds "11"]
[EventCountry "UKR"]
[SourceTitle "CBM 117 Extra"]
[Source "ChessBase"]
[SourceDate "2007.05.09"]
[SourceVersion "1"]
[SourceVersionDate "2007.05.09"]
[SourceQuality "1"]

1. d4 d5 2. c4 dxc4 3. Nf3 Nf6 4. e3 e6 5. Bxc4 c5 6. 0-0 a6 7. Qe2 b5 8. Bb3 Bb7 9. Rd1 Nbd7 10. Nc3 Be7 11. d5 exd5 12. Bxd5 Nxd5 13. Nxd5 Bxd5 14. Rxd5 Qc8 15. e4 Qc6 16. Bg5 Bxg5 17. Nxg5 0-0 18. Rad1 Nb6 19. Rd6 Qc7 20. b3 h6 21. Nf3 c4 22. Qe3 Rab8 23. e5 c3 24. Nd4 Rfe8 25. Nc6 c2 26. Rc1 Nc8 27. Nxb8 Nxd6 28. exd6 Qxb8 29. Qd3 Rd8 30. d7 Qc7 31. Rxc2 Rxd7 32. Rxc7 Rxd3 33. Rc8+ Kh7 34. Kf1 Rd2 35. a4 bxa4 36. bxa4 Rd4 37. a5 Rd5 38. Rc7 f6 39. Ke2 Rxa5 40. Ra7 Ra3 41. g4 h5 42. gxh5 Rh3 43. Rxa6 Rxh5 44. Kf3 Rxh2 45. Kg3 Rh1 46. Ra4 g5 47. f4 Kg6 48. fxg5 Kxg5 49. Ra8 Rb1 50. Rf8 Rb3+ 51. Kf2 f5 52. Ra8 Kg4 53. Ra2 f4 54. Rc2 Rh3 55. Kf1 Kg3 56. Rg2+ Kf3 57. Rf2+ Ke3 58. Re2+ 1/2-1/2

[Event "UKR-ch sf U18"]
[Site "Kharkov"]
[Date "2006.12.05"]
[Round "4"]
[White "Lavrov, Maxim1111"]
[Black "Artemchuk, Taras"]
[Result "0-1"]
[WhiteElo "2018"]
[BlackElo "2214"]
[PlyCount "102"]
[EventDate "2006.12.02"]
[EventType "swiss"]
[EventRounds "9"]
[EventCountry "UKR"]
[SourceTitle "EXT 2023"]
[Source "ChessBase"]
[SourceDate "2022.10.05"]
[SourceVersion "1"]
[SourceVersionDate "2022.10.05"]
[SourceQuality "1"]

1. e4 e6 2. d4 d5 3. Nd2 a6 4. Ngf3 c5 5. exd5 exd5 6. Be2 c4 7. 0-0 Bd6 8. b3 cxb3 9. axb3 Ne7 10. Re1 Nbc6 11. Bb2 0-0 12. Ne5 Bf5 13. Nf1 Nxe5 14. dxe5 Bb4 15. c3 Bc5 16. Bf3 Qb6 17. Ne3 Rfd8 18. b4 Bxe3 19. Rxe3 Rac8 20. h3 Be6 21. Rd3 Nc6 22. Qe2 d4 23. Bxc6 dxc3 24. Be4 cxb2 25. Rxd8+ Rxd8 26. Qxb2 Rd4 27. Bxb7 Rxb4 28. Qd2 a5 29. Rd1 h6 30. Bd5 Rb2 31. Qd4 Bxd5 32. Qxb6 Rxb6 33. Rxd5 Ra6 34. Rd3 a4 35. Ra3 Kf8 36. f4 Ke7 37. Kf2 Ke6 38. Ke3 Kd5 39. g4 Kc4 40. Ke4 Ra8 41. f5 Kb4 42. Ra1 Ra5 43. Kd4 a3 44. Rb1+ Ka4 45. Re1 a2 46. e6 f6 47. e7 Re5 48. e8Q+ Rxe8 49. Rxe8 a1Q+ 50. Kd5 Qh1+ 51. Re4+ Kb5 0-1

[Event "Evpatoria tt U20"]
[Site "Evpatoria"]
[Date "2006.05.06"]
[Round "4"]
[White "Artemchuk, Taras"]
[Black "Dorokhin, Mykhailo"]
[Result "1/2-1/2"]
[WhiteElo "2231"]
[BlackElo "2252"]
[PlyCount "26"]
[EventDate "2006.05.05"]
[EventType "team"]
[EventRounds "7"]
[EventCountry "UKR"]
[SourceTitle "CBM 112 Extra"]
[Source "ChessBase"]
[SourceDate "2006.07.14"]
[SourceVersion "1"]
[SourceVersionDate "2006.07.14"]
[SourceQuality "1"]

1. d4 Nf6 2. c4 e6 3. Nf3 Bb4+ 4. Bd2 Qe7 5. g3 Nc6 6. Bg2 Bxd2+ 7. Nbxd2 a5 8. 0-0 d6 9. e4 e5 10. d5 Nb8 11. Ne1 Bd7 12. Nd3 Na6 13. f4 Nb4 1/2-1/2

[Event "Evpatoria tt U20"]
[Site "Evpatoria"]
[Date "2006.05.06"]
[Round "3"]
[White "Burkiy, Konstantin"]
[Black "Artemchuk, Taras"]
[Result "1/2-1/2"]
[WhiteElo "1962"]
[BlackElo "2231"]
[PlyCount "64"]
[EventDate "2006.05.05"]
[EventType "team"]
[EventRounds "7"]
[EventCountry "UKR"]
[SourceTitle "CBM 112 Extra"]
[Source "ChessBase"]
[SourceDate "2006.07.14"]
[SourceVersion "1"]
[SourceVersionDate "2006.07.14"]
[SourceQuality "1"]

1. e4 e6 2. d4 d5 3. e5 c5 4. c3 Nc6 5. Nf3 Qb6 6. a3 Nh6 7. b4 cxd4 8. cxd4 Nf5 9. Be3 f6 10. exf6 gxf6 11. Nc3 Bd7 12. Rc1 Nxe3 13. fxe3 Bh6 14. Na4 Qd8 15. Nc5 Rb8 16. Bb5 Bxe3 17. Rc3 Bf4 18. Qe2 Qe7 19. Nxb7 Rxb7 20. Bxc6 Rc7 21. Bxd7+ Qxd7 22. Rxc7 Bxc7 23. 0-0 0-0 24. Nh4 Rf7 25. Qg4+ Rg7 26. Qf3 f5 27. Qe2 Rg4 28. Nf3 Qd6 29. Rc1 Kf8 30. Qc2 Rg7 31. Qe2 Qb6 32. b5 Qd6 1/2-1/2

[Event "UKR-ch U18"]
[Site "Dnipropetrovsk"]
[Date "2006.03.13"]
[Round "10"]
[White "Kononenko, Dmitry"]
[Black "Artemchuk, Taras"]
[Result "1-0"]
[WhiteElo "2451"]
[BlackElo "2191"]
[PlyCount "57"]
[EventDate "2006.03.04"]
[EventType "tourn"]
[EventRounds "11"]
[EventCountry "UKR"]
[EventCategory "3"]
[SourceTitle "CBM 111 Extra"]
[Source "ChessBase"]
[SourceDate "2006.05.09"]
[SourceVersion "1"]
[SourceVersionDate "2006.05.09"]
[SourceQuality "1"]

1. e4 e6 2. d4 d5 3. e5 c5 4. c3 Nc6 5. Nf3 Qb6 6. a3 Nh6 7. b4 cxd4 8. cxd4 Nf5 9. Bb2 Bd7 10. Be2 Rc8 11. 0-0 Na5 12. Nbd2 Nc4 13. Nxc4 dxc4 14. Rc1 Qa6 15. d5 b5 16. d6 Qb7 17. g4 Nh6 18. Ng5 Bc6 19. a4 a6 20. axb5 axb5 21. Qd4 Ra8 22. Ra1 Ra4 23. Rxa4 bxa4 24. Qxc4 Bxd6 25. exd6 0-0 26. Rc1 Bd5 27. Qd3 g6 28. Qh3 f6 29. Qxh6 1-0

[Event "UKR-ch U18"]
[Site "Dnipropetrovsk"]
[Date "2006.03.11"]
[Round "8"]
[White "Kovalenko, Igor"]
[Black "Artemchuk, Taras"]
[Result "1/2-1/2"]
[WhiteElo "2299"]
[BlackElo "2191"]
[PlyCount "108"]
[EventDate "2006.03.04"]
[EventType "tourn"]
[EventRounds "11"]
[EventCountry "UKR"]
[EventCategory "3"]
[SourceTitle "CBM 111 Extra"]
[Source "ChessBase"]
[SourceDate "2006.05.09"]
[SourceVersion "1"]
[SourceVersionDate "2006.05.09"]
[SourceQuality "1"]

1. d4 Nf6 2. c4 g6 3. f3 d5 4. cxd5 Nxd5 5. e4 Nb6 6. Nc3 Bg7 7. Be3 0-0 8. h4 Nc6 9. d5 Na5 10. Bd4 Qd6 11. Nge2 Nac4 12. b3 Ne5 13. f4 Ng4 14. Bxg7 Kxg7 15. e5 Qc5 16. Qd4 Qxd4 17. Nxd4 Ne3 18. h5 Rd8 19. hxg6 hxg6 20. Rc1 Nbxd5 21. Nxd5 Nxd5 22. Nf3 Bf5 23. Kf2 c6 24. Rc4 Rh8 25. Rg1 Bg4 26. Rd4 Rad8 27. Kg3 Bxf3 28. Kxf3 Nb6 29. Rd3 Rxd3+ 30. Bxd3 Rd8 31. Rd1 Rd4 32. Be2 Rxd1 33. Bxd1 Nd5 34. Bc2 f6 35. Bd3 Kf7 36. a3 fxe5 37. fxe5 Ke6 38. Bxg6 Kxe5 39. Bc2 Kf6 40. b4 e5 41. Bd3 Nf4 42. Bc4 Ne6 43. Ke4 Ng5+ 44. Ke3 Kf5 45. Be2 e4 46. a4 b6 47. Bc4 Ke5 48. Bg8 c5 49. bxc5 bxc5 50. a5 Kf5 51. Bd5 Ke5 52. Bg8 Kf5 53. Bd5 Ke5 54. Bg8 Kf5 1/2-1/2

[Event "UKR-ch U18"]
[Site "Dnipropetrovsk"]
[Date "2006.03.08"]
[Round "5"]
[White "Artemchuk, Taras"]
[Black "Polyakov, Maxim"]
[Result "1/2-1/2"]
[WhiteElo "2191"]
[BlackElo "2201"]
[PlyCount "95"]
[EventDate "2006.03.04"]
[EventType "tourn"]
[EventRounds "11"]
[EventCountry "UKR"]
[EventCategory "3"]
[SourceTitle "CBM 111 Extra"]
[Source "ChessBase"]
[SourceDate "2006.05.09"]
[SourceVersion "1"]
[SourceVersionDate "2006.05.09"]
[SourceQuality "1"]

1. d4 e6 2. c4 b6 3. Nf3 Bb7 4. Nc3 Nf6 5. Bg5 h6 6. Bh4 g5 7. Bg3 Bb4 8. e3 Bxc3+ 9. bxc3 d6 10. Nd2 Nbd7 11. f3 Nh5 12. Bf2 f5 13. Bd3 Qf6 14. Qc2 Ng7 15. e4 0-0-0 16. a4 h5 17. a5 g4 18. axb6 axb6 19. c5 gxf3 20. Nxf3 fxe4 21. Bxe4 d5 22. Bd3 e5 23. Bb5 exd4 24. 0-0 bxc5 25. Bh4 d3 26. Bxf6 dxc2 27. Bxg7 Rhg8 28. Bxd7+ Rxd7 29. Bh6 d4 30. cxd4 cxd4 31. Ne1 d3 32. Bd2 Re7 33. Rf2 Be4 34. h3 c5 35. Nxd3 Bxg2 36. Rxg2 Rxg2+ 37. Kxg2 Re2+ 38. Kf3 Rxd2 39. Ke3 Rd1 40. Rc1 c4 41. Rxc2 Rxd3+ 42. Ke4 Rxh3 43. Rxc4+ Kd7 44. Kf5 Ra3 45. Rh4 Ra5+ 46. Kg6 Ke6 47. Rxh5 Rxh5 48. Kxh5 1/2-1/2

[Event "UKR-ch U18 sf"]
[Site "Dnipropetrovsk"]
[Date "2005.12.??"]
[Round "7"]
[White "Artemchuk, Taras"]
[Black "Filonenko, Kyryl"]
[Result "1-0"]
[WhiteElo "2191"]
[BlackElo "2244"]
[PlyCount "139"]
[EventDate "2005.12.??"]
[EventType "swiss"]
[EventRounds "9"]
[EventCountry "UKR"]
[SourceTitle "CBM 109 Extra"]
[Source "ChessBase"]
[SourceDate "2006.01.03"]
[SourceVersion "2"]
[SourceVersionDate "2006.01.03"]
[SourceQuality "1"]

1. d4 Nf6 2. c4 g6 3. Nf3 Bg7 4. g3 0-0 5. Bg2 d6 6. 0-0 Nbd7 7. Nc3 e5 8. e4 c6 9. h3 Qb6 10. Re1 exd4 11. Nxd4 Re8 12. Nc2 Nc5 13. Rb1 a5 14. Bf4 Nfd7 15. Qxd6 Ne6 16. Be3 Qa6 17. Na3 Ne5 18. Red1 Nxc4 19. Nxc4 Qxc4 20. e5 Bf8 21. Qd2 Nc5 22. Bf1 Qe6 23. f4 a4 24. Qf2 b6 25. b4 axb3 26. axb3 Ra3 27. Na4 Nxa4 28. Bc4 Qxh3 29. Bf1 Qh5 30. bxa4 Rxe3 31. Qxe3 Bc5 32. Rd4 Kg7 33. Rc1 Be6 34. Rxc5 bxc5 35. Rd2 Rb8 36. Rh2 Qf5 37. Bd3 Rb3 38. Bxf5 Rxe3 39. Bxe6 fxe6 40. Ra2 Rxg3+ 41. Kf2 Rb3 42. a5 Rb7 43. Ke3 Kf7 44. Kd3 Ke7 45. Kc4 Kd7 46. a6 Ra7 47. Kxc5 Kc7 48. Ra3 Ra8 49. a7 h5 50. Ra2 h4 51. Ra3 Kb7 52. Kd6 Rxa7 53. Rb3+ Kc8 54. Rh3 g5 55. Kxe6 gxf4 56. Rxh4 c5 57. Rxf4 Ra6+ 58. Kf7 Ra7+ 59. Kf6 Kd7 60. e6+ Kd8 61. Rh4 Ra1 62. Rh8+ Kc7 63. e7 Rf1+ 64. Kg5 Re1 65. e8Q Rxe8 66. Rxe8 Kd6 67. Kf5 Kd5 68. Rd8+ Kc4 69. Ke4 Kb3 70. Rc8 1-0

[Event "UKR-ch U18 sf"]
[Site "Dnipropetrovsk"]
[Date "2005.12.??"]
[Round "9"]
[White "Artemchuk, Taras"]
[Black "Savenko, Sergey"]
[Result "1-0"]
[WhiteElo "2191"]
[BlackElo "2224"]
[PlyCount "131"]
[EventDate "2005.12.??"]
[EventType "swiss"]
[EventRounds "9"]
[EventCountry "UKR"]
[SourceTitle "CBM 109 Extra"]
[Source "ChessBase"]
[SourceDate "2006.01.03"]
[SourceVersion "2"]
[SourceVersionDate "2006.01.03"]
[SourceQuality "1"]

1. d4 Nf6 2. c4 e6 3. Nf3 b6 4. Nc3 Bb7 5. Bg5 Bb4 6. e3 h6 7. Bh4 g5 8. Bg3 Ne4 9. Qc2 Bxc3+ 10. bxc3 Nxg3 11. hxg3 d6 12. Bd3 g4 13. Nh4 Qg5 14. Be4 c6 15. a4 d5 16. Bd3 Nd7 17. a5 dxc4 18. Bxc4 b5 19. a6 Bc8 20. Be2 Nf6 21. c4 Bd7 22. 0-0 0-0 23. Rfc1 Rfc8 24. Qb2 bxc4 25. Rxc4 Nd5 26. e4 Nb6 27. Rc5 Qg7 28. Qd2 Be8 29. Rd1 f6 30. Qa2 Bf7 31. Rdc1 Rd8 32. Qa1 Be8 33. Bd1 Rac8 34. Bb3 Qd7 35. d5 exd5 36. Qxf6 Qg7 37. Qxg7+ Kxg7 38. exd5 cxd5 39. Nf5+ Kf6 40. Nxh6 Rxc5 41. Rxc5 Kg5 42. Ng8 Ba4 43. Bxa4 Nxa4 44. Ra5 Rxg8 45. Rxa4 Rd8 46. Kf1 Rd6 47. Ke2 d4 48. Ra5+ Kg6 49. Kd3 Kf6 50. f4 gxf3 51. gxf3 Kg6 52. g4 Kh6 53. f4 Kg6 54. Ra3 Kf6 55. Ke4 d3 56. Rxd3 Rxa6 57. g5+ Kg6 58. Ke5 Ra1 59. Rd6+ Kg7 60. Kf5 Ra5+ 61. Kg4 Rc5 62. f5 a5 63. Rd7+ Kg8 64. Ra7 Rb5 65. g6 Rb1 66. Kg5 1-0

[Event "Kiev Independence Cup-B 5th"]
[Site "Kiev"]
[Date "2005.08.07"]
[Round "6"]
[White "Artemchuk, Taras"]
[Black "Docenko, Feodosij"]
[Result "1-0"]
[WhiteElo "2191"]
[BlackElo "2087"]
[PlyCount "121"]
[EventDate "2005.08.02"]
[EventType "swiss"]
[EventRounds "9"]
[EventCountry "UKR"]
[SourceTitle "CBM 107 Extra"]
[Source "ChessBase"]
[SourceDate "2005.09.01"]
[SourceVersion "1"]
[SourceVersionDate "2005.09.01"]
[SourceQuality "1"]

1. d4 Nf6 2. c4 c6 3. Nc3 d6 4. Nf3 Nbd7 5. g3 e5 6. Bg2 Be7 7. 0-0 0-0 8. e4 Qc7 9. h3 Re8 10. Be3 Bf8 11. Re1 a6 12. Rc1 g6 13. Kh2 Bg7 14. b3 Nf8 15. c5 N6d7 16. cxd6 Qxd6 17. d5 Nf6 18. Nd2 Qd8 19. dxc6 bxc6 20. Nc4 N6d7 21. Na4 Qc7 22. Qd6 Qxd6 23. Nxd6 Re6 24. Red1 c5 25. Nxc5 Nxc5 26. Rxc5 Bd7 27. Rc7 Be8 28. Rd5 h5 29. h4 Bf6 30. Bh3 Bd8 31. Rc8 Rxc8 32. Nxc8 Bd7 33. Bxe6 fxe6 34. Rd1 Ba5 35. Nb6 Bb5 36. a4 Be2 37. Rd8 Kf7 38. Bc5 Nh7 39. Rd7+ Kg8 40. b4 Bxb6 41. Bxb6 Nf6 42. Rd2 Bf3 43. Rd8+ Kg7 44. Ra8 Be2 45. f3 Bxf3 46. Ra7+ Kg8 47. Rxa6 Bxe4 48. Bd8 Ng4+ 49. Kg1 Bd5 50. Rd6 e4 51. Rxd5 exd5 52. Bb6 Ne5 53. Kf1 Nc4 54. a5 Kf7 55. Bc5 Na3 56. a6 Nb5 57. Ke2 Ke6 58. a7 Nxa7 59. Bxa7 Ke5 60. b5 d4 61. Bxd4+ 1-0

[Event "Evpatoria U18 4th"]
[Site "Evpatoria"]
[Date "2005.05.05"]
[Round "6.3"]
[White "Tukhaev, Adam"]
[Black "Artemchuk, Taras"]
[Result "1-0"]
[WhiteElo "2439"]
[BlackElo "2174"]
[PlyCount "69"]
[EventDate "2005.05.03"]
[EventType "swiss"]
[EventRounds "7"]
[EventCountry "UKR"]
[SourceTitle "CBM 106 Extra"]
[Source "ChessBase"]
[SourceDate "2005.07.01"]
[SourceVersion "1"]
[SourceVersionDate "2005.07.01"]
[SourceQuality "1"]

1. e4 e6 2. d4 d5 3. Nc3 Nf6 4. Bg5 dxe4 5. Nxe4 Be7 6. Bxf6 gxf6 7. Nf3 a6 8. c4 f5 9. Nc3 c5 10. d5 Bf6 11. Qd2 e5 12. h4 Nd7 13. 0-0-0 h5 14. g3 e4 15. Re1 Kf8 16. Ng5 Bd4 17. f3 e3 18. Rxe3 Bxe3 19. Qxe3 Qe7 20. Qd2 Qd6 21. f4 Nf6 22. Bd3 Ng4 23. Qc2 Qf6 24. Re1 Bd7 25. d6 Be6 26. Qg2 Rb8 27. Nd5 Qd4 28. Rxe6 Qxd3 29. Re7 Qxc4+ 30. Kb1 Qd3+ 31. Kc1 Qc4+ 32. Kb1 Qd3+ 33. Kc1 Nh6 34. Rxf7+ Nxf7 35. Ne6+ 1-0